<?xml version="1.0" encoding="UTF-8"?>
<record
    xmlns:xsi="http://www.w3.org/2001/XMLSchema-instance"
    xsi:schemaLocation="http://www.loc.gov/MARC21/slim http://www.loc.gov/standards/marcxml/schema/MARC21slim.xsd"
    xmlns="http://www.loc.gov/MARC21/slim">

  <leader>00384nam a22001457a 4500</leader>
  <controlfield tag="005">20251007152259.0</controlfield>
  <controlfield tag="008">250930b        |||||||| |||| 00| 0 eng d</controlfield>
  <datafield tag="020" ind1=" " ind2=" ">
    <subfield code="a">978-93-48189-40-0</subfield>
  </datafield>
  <datafield tag="041" ind1=" " ind2=" ">
    <subfield code="a">eng</subfield>
  </datafield>
  <datafield tag="100" ind1=" " ind2=" ">
    <subfield code="a">CHATURVEDI, YATINDRA NATH </subfield>
    <subfield code="9">8711</subfield>
  </datafield>
  <datafield tag="245" ind1=" " ind2=" ">
    <subfield code="a">PRASHASNIK  MANAK TAKNIKI SHABDAWALI </subfield>
  </datafield>
  <datafield tag="260" ind1=" " ind2=" ">
    <subfield code="a">UTTAR PRADESH </subfield>
    <subfield code="b">AKSHAR PLANT</subfield>
    <subfield code="c">2024</subfield>
  </datafield>
  <datafield tag="300" ind1=" " ind2=" ">
    <subfield code="a">360;P</subfield>
  </datafield>
  <datafield tag="942" ind1=" " ind2=" ">
    <subfield code="c">BK</subfield>
  </datafield>
  <datafield tag="999" ind1=" " ind2=" ">
    <subfield code="c">8865</subfield>
    <subfield code="d">8863</subfield>
  </datafield>
  <datafield tag="952" ind1=" " ind2=" ">
    <subfield code="0">0</subfield>
    <subfield code="1">0</subfield>
    <subfield code="4">0</subfield>
    <subfield code="7">0</subfield>
    <subfield code="8">BHARTIYA GYAN PARAMPARA</subfield>
    <subfield code="a">JRU</subfield>
    <subfield code="b">JRU</subfield>
    <subfield code="c">KAUTILYA BOOK SANGRAH</subfield>
    <subfield code="d">2025-09-29</subfield>
    <subfield code="e">PURCHASE</subfield>
    <subfield code="g">1200.00</subfield>
    <subfield code="h">INVOICE NO-05, DATE-26/08/2025</subfield>
    <subfield code="l">0</subfield>
    <subfield code="p">28925</subfield>
    <subfield code="r">2025-09-30 10:32:40</subfield>
    <subfield code="w">2025-09-29</subfield>
    <subfield code="y">BK</subfield>
  </datafield>
</record>
